US States Without Vowels Quiz #2 - Statistics

General Stats
  • This quiz has been taken 34 times
  • The average score is 9 of 10
Answer Stats
US States (No Vowels) US States % Correct
CLRD Colorado
100%
NVD Nevada
100%
NW YRK New York
100%
STH CRLN South Carolina
100%
MSSCHSTTS Massachusetts
97%
TNNSS Tennessee
97%
LBM Alabama
85%
KLHM Oklahoma
82%
DH Idaho
76%
W Iowa
73%
No matching quizzes found
Score Distribution
Percent of People with Each Score
Percentile by Number Answered
Your Score History
You have not taken this quiz